000 03725nam a22005655i 4500
999 _c27402
_d27402
001 978-981-16-6581-3
003 DE-He213
005 20240716161106.0
006 a|||||o|||| 00| 0
007 cr nn 008mamaa
008 220303s2022 si | s |||| 0|eng d
020 _a9789811665813
024 7 _a10.1007/978-981-16-6581-3
_2doi
040 _cimu-kc
050 4 _aDS331-349.9
072 7 _aHBJF
_2bicssc
072 7 _a1FK
_2bicssc
072 7 _aHIS017000
_2bisacsh
072 7 _aNHF
_x1FK
_2thema
082 0 4 _a954
_223
100 1 _aMukherjee, Rila.
_eauthor.
_4aut
_4http://id.loc.gov/vocabulary/relators/aut
245 1 0 _aIndia in the Indian Ocean World
_h[electronic resource] :
_bFrom the Earliest Times to 1800 CE /
_cby Rila Mukherjee.
250 _a1st ed. 2022.
264 1 _aSingapore :
_bSpringer Nature Singapore :
_bImprint: Springer,
_c2022.
300 _aXXVI, 410 p. 55 illus., 23 illus. in color.
_bonline resource.
336 _atext
_btxt
_2rdacontent
337 _acomputer
_bc
_2rdamedia
338 _aonline resource
_bcr
_2rdacarrier
347 _atext file
_bPDF
_2rda
505 0 _a1. Introduction -- 2. India in the Indian Ocean world -- 3. Indian Ocean History-Writing -- 4. From Sail to Steam -- 5. India in the Indian Ocean world: The archaeological record -- 6. India in the Indian Ocean world: The classical period -- 7. India in the Indian Ocean world: The early medieval period upto 1300 -- 8. From an Indian Ocean Realm to an Indian Ocean World: Changes 1300-1500 -- 9. 1500-1800: The Age of European Ascendance -- 10. Redrawing the Indian Ocean: imperialism, colonialism and the settlement of sea spaces -- 11. The current state of Indian Ocean history writing.
520 _aThe book integrates the latest scholarly literature on the entire Indian Ocean region, from East Africa to China. Issues such as India's history, India’s changing status in the region, and India's cross-cultural networking over a long period are explored in this book. It is organized in specific themes in thirteen chapters. It incorporates a wealth of research on India’s strategic significance in the Indian Ocean arena throughout history. It enriches the reader's understanding of the emergence of the Indian Ocean basin as a global arena for cross-cultural networking and nation-building. It discusses issues of trade and commerce, the circulation of ideas, peoples and objects, and social and religious themes, focusing on Hinduism, Buddhism, and Islam. The book provides a refreshingly different survey of India’s connected history in the Indian Ocean region starting from the archaeological record and ending with the coming of empire. The author’s unique experience, combined with an engaging writing style, makes the book highly readable. The book contributes to the field of global history and is of great interest to researchers, policymakers, teachers, and students across the fields of political, cultural, and economic history and strategic studies.
650 0 _aAsia
_xHistory.
650 0 _aEthnology.
650 0 _aEconomic history.
650 0 _aHuman geography.
650 0 _aCultural geography.
650 1 4 _aHistory of South Asia.
650 2 4 _aSociocultural Anthropology.
650 2 4 _aEconomic History.
650 2 4 _aSocial and Cultural Geography.
710 2 _aSpringerLink (Online service)
773 0 _tSpringer Nature eBook
776 0 8 _iPrinted edition:
_z9789811665806
776 0 8 _iPrinted edition:
_z9789811665820
776 0 8 _iPrinted edition:
_z9789811665837
856 4 0 _uhttps://doi.org/10.1007/978-981-16-6581-3
942 _2ddc
_cEBK